|
|
|
|
| LEADER |
00000nam0a2200000 4500 |
| 001 |
271918 |
| 005 |
20231101234500.0 |
| 035 |
|
|
|a (RuTPU)RU\TPU\book\295122
|
| 090 |
|
|
|a 271918
|
| 100 |
|
|
|a 20141014d1987 km y0rusy50 ca
|
| 101 |
0 |
|
|a rus
|
| 102 |
|
|
|a RU
|
| 105 |
|
|
|a y z 000zy
|
| 200 |
1 |
|
|a Система профтехобразования и эффективность производства в условиях совершенствования социализма
|f Г. Е. Дыкусов
|
| 210 |
|
|
|a Иркутск
|c Изд-во Иркутского ун-та
|d 1987
|
| 215 |
|
|
|a 120 с.
|
| 606 |
1 |
|
|a Профессионально-техническое образование
|2 stltpush
|3 (RuTPU)RU\TPU\subj\36809
|9 58053
|
| 610 |
1 |
|
|a кадры
|
| 610 |
1 |
|
|a квалификация
|
| 610 |
1 |
|
|a подготовка
|
| 610 |
1 |
|
|a рабочие
|
| 610 |
1 |
|
|a общественное производство
|
| 610 |
1 |
|
|a эффективность
|
| 610 |
1 |
|
|a повышение
|
| 686 |
|
|
|a У9(2)240.0
|v LBC/SL-A
|2 rubbk
|
| 700 |
|
1 |
|a Дыкусов
|b Г. Е.
|g Геннадий Ефимович
|
| 801 |
|
1 |
|a RU
|b 63413507
|c 20141014
|
| 801 |
|
2 |
|a RU
|b 63413507
|c 20160129
|g RCR
|
| 942 |
|
|
|c BK
|